00309nam a22001217a 4500008004100000020001500041050002400056100001700080245003700097260003100134300001000165650001200175171205b xxu||||| |||| 00| 0 eng d a9966461574 aPR 9381.9 M9C3 2015 aMwangi, Meja aCarcase for hounds/cMeja Mwangi aNairobi:bE.A.E.P.,c1974. a150p. aFiction